Tulsian's business economics and business & commercial knowledge for paper 4 : (Record no. 170270)

MARC details
000 -LEADER
fixed length control field 00678nam a22001937a 4500
005 - DATE AND TIME OF LATEST TRANSACTION
control field 20191212155813.0
010 ## - LCCN (DPL NO)
LC control number ENG-127104
020 ## - INTERNATIONAL STANDARD BOOK NUMBER
Terms of availability 495.00
International Standard Book Number 9789353167462
035 ## - SYSTEM CONTROL NUMBER
System control number EN-110636
037 ## - SOURCE OF ACQUISITION
Source of stock number/acquisition DBAD/PUB
082 ## - DEWEY DECIMAL CLASSIFICATION NUMBER
Classification number 338
100 ## - MAIN ENTRY--PERSONAL NAME
Personal name Tulsian, P C
245 ## - TITLE STATEMENT
Title Tulsian's business economics and business & commercial knowledge for paper 4 :
Remainder of title CA foundation course /
Statement of responsibility, etc by P C Tulsian [and] Bharat Tulsian
260 ## - PUBLICATION, DISTRIBUTION, ETC. (IMPRINT)
Place of publication, distribution, etc Chennai
Name of publisher, distributor, etc McGraw Hill Education
Date of publication, distribution, etc 2020
270 ## - ADDRESS
Address 444/1, Sri Ekambara Naicker Industrial Estate
City Porur , Chennai
Postal code 600116
300 ## - PHYSICAL DESCRIPTION
Extent various paging .
Dimensions 22cm(pbk)
700 ## - ADDED ENTRY--PERSONAL NAME
Personal name Tulsian, Bharat
942 ## - ADDED ENTRY ELEMENTS (KOHA)
Source of classification or shelving scheme Dewey Decimal Classification
Item type English Books
Classification part 338
Call number suffix TUL
Holdings
Withdrawn status Lost status Not for loan Collection code Home library Current library Date acquired Source of acquisition Cost, normal purchase price Full call number Barcode Copy number Cost, replacement price Koha item type
      Non-fiction D.B.Act.Division Mobile Library 12/12/2019 DBAD/PUB 495.00 338 TUL EN-110636 1 495.00 English Books

© Delhi Public Library
Hit Counter
free hit counter